Normal view
MARC view
Entry Personal Name
001 - CONTROL NUMBER
- control field: 39566
003 - CONTROL NUMBER IDENTIFIER
- control field: ARRUPE
005 - DATE AND TIME OF LATEST TRANSACTION
- control field: 20180226105235.0
008 - FIXED-LENGTH DATA ELEMENTS
- fixed length control field: 180226|| aca||aabn | a|a d
040 ## - CATALOGING SOURCE
- Original cataloging agency: ARRUPE
- Transcribing agency: ARRUPE
100 ## - HEADING--PERSONAL NAME
- Personal name: Walshe, Peter
670 ## - SOURCE DATA FOUND
- Source citation: Work cat.: (ARRUPE)8932: Walshe, Peter, Church versus state in South Africa:, 1983